Statistics for All County Seats of Kansas on a Map

Click here to take the quiz!

General Stats

  • This quiz has been taken 79 times
  • The average score is 43 of 105

Answers on the Map

Answers color-coded by a green-red scale on the quiz's map according to % correct below.
 

Answer Stats

County Seat% Correct
Kansas City
100%
Olathe
100%
Topeka
100%
Lawrence
95%
Dodge City
89%
Manhattan
89%
Salina
89%
Wichita
89%
Leavenworth
84%
Junction City
74%
Hays
68%
Abilene
63%
Atchison
63%
Hutchinson
58%
Liberal
58%
Alma
53%
Belleville
53%
Beloit
53%
Clay Center
53%
Great Bend
53%
Hiawatha
53%
Marysville
53%
Minneapolis
53%
Oskaloosa
53%
Washington
53%
Colby
47%
Concordia
47%
Ellsworth
47%
Emporia
47%
Garden City
47%
Gove City
47%
Hill City
47%
Holton
47%
Independence
47%
Lincoln Center
47%
Mankato
47%
Russell
47%
Seneca
47%
Troy
47%
Westmoreland
47%
El Dorado
42%
Goodland
42%
Hoxie
42%
McPherson
42%
Norton
42%
Oakley
42%
Osborne
42%
Phillipsburg
42%
Smith Center
42%
WaKeeney
42%
Anthony
37%
Atwood
37%
Leoti
37%
Newton
37%
Oberlin
37%
Stockton
37%
Columbus
32%
Lyons
32%
Ottawa
32%
Paola
32%
Pratt
32%
Sharon Springs
32%
St. Francis
32%
Winfield
32%
Ashland
26%
Burlington
26%
Erie
26%
Eureka
26%
Fort Scott
26%
Fredonia
26%
Greensburg
26%
Hugoton
26%
Iola
26%
Jetmore
26%
Kingman
26%
Lakin
26%
Lyndon
26%
Marion
26%
Ness City
26%
Oswego
26%
Scott City
26%
St. John
26%
Syracuse
26%
Ulysses
26%
Wellington
26%
Yates Center
26%
Cimarron
21%
Coldwater
21%
Cottonwood Falls
21%
Council Grove
21%
Dighton
21%
Elkhart
21%
Garnett
21%
Girard
21%
Howard
21%
Johnson City
21%
Kinsley
21%
La Crosse
21%
Larned
21%
Meade
21%
Medicine Lodge
21%
Mound City
21%
Sedan
21%
Sublette
21%
Tribune
21%

Score Distribution

Percentile by Number Answered

Percent of People with Each Score

Your Score History

You have not taken this quiz